|
|
|
|
| LEADER |
00000nab a2200000 a 4500 |
| 001 |
vtls001018560 |
| 003 |
SK-MaSNL |
| 005 |
20260305030954.0 |
| 008 |
040720e19980000xo 0 slo |
| 035 |
|
|
|a SN4500
|
| 040 |
|
|
|a SNSK
|b slo
|c SNSK
|e AACR2
|
| 041 |
0 |
|
|a slo
|
| 044 |
|
|
|a xo
|c SK
|
| 080 |
|
|
|a 334.5
|2 1981
|
| 100 |
1 |
|
|a Brnčal, Miloš,
|d 1948-
|4 aut
|9 251799
|
| 245 |
1 |
0 |
|a Budúcnosť o svojej budúcnosti
|
| 610 |
2 |
7 |
|a Budúcnosť (spotrebné družstvo : Spišská Nová Ves, Slovensko)
|2 SNSK
|9 95501
|
| 650 |
0 |
7 |
|a spotrebné družstvá
|2 SNSK
|9 2135
|
| 651 |
|
7 |
|a Spišská Nová Ves (Slovensko)
|2 SNSK
|9 28800
|
| 651 |
|
7 |
|a Spišská Nová Ves (Slovensko : okres)
|2 SNSK
|9 22259
|
| 651 |
|
7 |
|a SN,
|2 SNSK
|9 1021277
|
| 655 |
|
7 |
|a periodikum
|2 snkbucl
|9 29553
|
| 710 |
2 |
|
|a Budúcnosť (spotrebné družstvo : Spišská Nová Ves, Slovensko)
|4 aut
|9 95501
|
| 773 |
0 |
8 |
|t Družstevné noviny
|g Roč. 37, č.13 (1998), s. 9
|
| 852 |
|
|
|a ZVYKNI
|b KIS3GCP
|
| 999 |
|
|
|c 3313965
|d 3315895
|